Visualizzazione normale
Vista MARC
- Seglares
di Topical Term
Records bibliografici associati: 1
001 - CONTROL NUMBER
- control field: 2920
003 - CONTROL NUMBER IDENTIFIER
- control field: IT-RoINE
005 - DATE AND TIME OF LATEST TRANSACTION
- control field: 20140114154943.0
008 - FIXED-LENGTH DATA ELEMENTS
- fixed length control field: 140114|| aca||aabn | a|a d
040 ## - CATALOGING SOURCE
- Original cataloging agency: IT-RoINE
- Transcribing agency: IT-RoINE
150 ## - HEADING--TOPICAL TERM
- Topical term or geographic name as entry element: Seglares
- General subdivision: Historia
- Chronological subdivision: ca. 30-600 (Iglesia primitiva)
670 ## - SOURCE DATA FOUND
- Source citation: Work cat.: (IT-RoINE)0: Guerra Gómez, Manuel, 2495 1931-, El laicado masculino y femenino :, 1987.